000 00517nam a2200169Ia 4500
008 110201s9999 xx 000 0 und d
082 _bB7384
_aK 2283
100 _aपरांजपे अभय
245 _aअचिश्वसनिय
260 _bगीता एजन्सीज
365 _b160
600 _aपरांजपे अभय
630 _aअचिश्वसनिय
700 _aपरांजपे अभय
730 _aअचिश्वसनिय
942 _cBOOK
999 _c832911
_d832908